| 000 | 00696nam a2200229 i 4500 | ||
|---|---|---|---|
| 003 | DO-SdBNP | ||
| 005 | 20230828094609.0 | ||
| 006 | a||||gr|||| 00| 0 | ||
| 007 | ta | ||
| 008 | 230825e190? dr a|||| |||| 00| 0 spa d | ||
| 040 |
_aDO-SdBNP _bspa _cBNPHU _erda |
||
| 082 | 4 |
_222 _bF981c |
|
| 245 | 0 | 0 |
_a¿Cómo evitar accidentes?: _bplanremat. / |
| 264 | 1 |
_aSanto Domingo : _bSESPAS, _c[190?] |
|
| 300 |
_a12 páginas : _bIlustraciones ; _c19 cm. |
||
| 336 |
_2rdacontent _atexto _btxt |
||
| 337 |
_2rdamedia _asin mediación _bn |
||
| 338 |
_2rdacarrier _avolumen _bnc |
||
| 590 | _aInventariado 2023 / MF | ||
| 710 | 2 |
_aFundación Maricely Estrella, República dominicana _984026 |
|
| 942 |
_2ddc _cLF2 |
||
| 999 |
_c54545 _d54545 |
||